000 00647nam a2200289Ia 4500
005 20260324141142.0
008 008 260324s9999 xx 000 0 eng d
020 _a9780429081989
037 _aEBOOK
040 _aCRL
040 _beng
040 _cCRL
041 _2eng
041 _aeng
084 _qCRL
100 _aE. A. Davis
_91202513
245 0 _aScience In The Making
245 0 _b1850-1900
260 _bTaylor and Francis
260 _c1997
365 _a
365 _b480
856 _uhttp://www.taylorfrancis.com/books/9780429081989
942 _cEBOOK
999 _c1809899
_d1809899